Routledge handbook of systemic functional linguistics (Record no. 911270)

MARC details
000 -LEADER
fixed length control field 00939nam a2200289Ia 4500
003 - CONTROL NUMBER IDENTIFIER
control field OSt
005 - DATE AND TIME OF LATEST TRANSACTION
control field 20221002044830.0
008 - FIXED-LENGTH DATA ELEMENTS--GENERAL INFORMATION
fixed length control field 220930b |||||||| |||| 00| 0 eng d
020 ## - INTERNATIONAL STANDARD BOOK NUMBER
International Standard Book Number 9780 415748407 (pbk)
037 ## - SOURCE OF ACQUISITION
Terms of availability Reference Collections
040 ## - CATALOGING SOURCE
Original cataloging agency CRL
Transcribing agency CRL
Language of cataloging eng
041 ## - LANGUAGE CODE
Source of code eng
Language code of text/sound track or separate title eng
100 ## - MAIN ENTRY--PERSONAL NAME
Personal name Bartlett Tom Ed.
9 (RLIN) 477842
245 #0 - TITLE STATEMENT
Title Routledge handbook of systemic functional linguistics
260 ## - PUBLICATION, DISTRIBUTION, ETC.
Place of publication, distribution, etc. London
Name of publisher, distributor, etc. Routledge UK
Date of publication, distribution, etc. 2017
300 ## - PHYSICAL DESCRIPTION
Extent xxiv,682p.
Dimensions cm.
500 ## - GENERAL NOTE
General note Routledge handbooks
650 ## - SUBJECT ADDED ENTRY--TOPICAL TERM
Topical term or geographic name entry element LINGUISTICS
650 ## - SUBJECT ADDED ENTRY--TOPICAL TERM
Topical term or geographic name entry element GRAMMAR
700 ## - ADDED ENTRY--PERSONAL NAME
Personal name O'Grady Gerard Ed.
9 (RLIN) 477843
942 ## - ADDED ENTRY ELEMENTS (KOHA)
Classification part P111:3g, Q7(RR)
Koha item type
Source of classification or shelving scheme Colon Classification (CC)
Holdings
Withdrawn status Lost status Damaged status Not for loan Home library Current library Date acquired Source of acquisition Total Checkouts Full call number Barcode Date last seen Price effective from Koha item type
        Central Library Central Library 2022-10-02 1427, 15/09/2017, Bright Book Service   P111:3g Q7(RR) CL1648523 2022-10-02 2022-10-02  
Copyright @ Delhi University Library System